North American Bed Sizes Quiz Stats

 Plays Quiz Updated Feb 7, 2020

Support Sporcle.
Go Orange.
Score 0/7 Timer 02:00
1 Play Today
Dimensions Name % Correct
76'' × 80''King
99.7%
60'' × 80''Queen
99.1%
39'' × 75''Twin
98.5%
54'' × 75''Full
94.8%
72'' × 84''California King
54.2%
27'' x 52''Crib
36.9%
39'' × 80''Twin Extra Long
36.8%

You're not logged in!

Compare scores with friends on all Sporcle quizzes.
OR
Log In
Forgot?

From the Vault

Famous Female Rulers

by JAMO_Peddles

History 5m
Know your queens? This quiz will be a royal delight.
Remove Ads.
Support Sporcle.
Get the best of Sporcle when you Go Orange. This ad-free experience offers more features, more stats, and more fun while also helping to support Sporcle. Thank you for becoming a member.

Show Comments

Extras

Top Quizzes Today


Score Distribution

Your Account Isn't Verified!

In order to create a playlist on Sporcle, you need to verify the email address you used during registration. Go to your Sporcle Settings to finish the process.

Report this User

Report this user for behavior that violates our Community Guidelines.

Details: